مكتبة جامعة عجلون الوطنية

فهرس بحث المكتبة

Normal view MARC view
  • المحيطات والفضاء الخارجي-تكنولوجية

Entry Topical Term

Number of records used in: 1

001 - CONTROL NUMBER

  • control field: 37085

003 - CONTROL NUMBER IDENTIFIER

  • control field: JO-AjAnu

005 - DATE AND TIME OF LATEST TRANSACTION

  • control field: 20230606080204.0

008 - FIXED-LENGTH DATA ELEMENTS

  • fixed length control field: 230606|| aca||aabn | a|a d

040 ## - CATALOGING SOURCE

  • Original cataloging agency: JO-AjAnu
  • Transcribing agency: JO-AjAnu

150 ## - HEADING--TOPICAL TERM

  • Topical term or geographic name entry element: المحيطات والفضاء الخارجي-تكنولوجية

670 ## - SOURCE DATA FOUND

  • Source citation: Work cat.: (JO-AjAnu)19032: تاليف بروان، سيوم... وآخرون، م.مشارك كورنيل، نينا، م.مشارك فابيان، لارى، .مشارك ويس، اديت بروان؛ ترجمة فرج، فرج محمد, author 37084, التكنولوجية الحديثة في استغلال المحيطات والفضاء الخارجي